Top titres Spotify - GIMS - Statistiques

Statistiques générales
  • Ce quiz a été pris 26 fois
  • Le résultat moyen est 8 sur 34
Statistiques - réponses
Hint Réponse % Correct
504 325 819 Est-ce que tu m'aimes ?
86%
299 719 850 SPIDER (feat. DYSTINCT)
50%
151 952 958 CIEL
45%
109 705 418 PARISIENNE (feat. La Mano 1.9)
41%
340 479 009 SEYA (feat. Morad & SativaMusic)
41%
242 500 071 SOIS PAS TIMIDE
41%
143 521 984 Bella
36%
189 333 668 NINAO
36%
200 357 109 J'me tire
32%
144 864 617 Sapés comme jamais (feat. Niska) - Pilule bleue
32%
286 320 806 Hola Señorita (feat. Maluma)
27%
85 145 278 Zombie
27%
66 204 639 AIR FORCE BLANCHE (feat. Jul)
18%
66 942 506 Brisé - Pilule bleue
18%
158 047 565 La même (feat. Vianney)
18%
116 153 906 LOCO (feat. Lossa)
18%
110 585 040 Loin (feat. Dany Synthé & soFLY & Nius) - Pilule violette
18%
90 519 080 Tout donner - Pilule violette
18%
62 195 580 APPELLE TA COPINE
14%
156 718 268 Best life (feat. Naps)
14%
92 269 797 Reste (feat. Sting)
14%
71 145 790 Tu vas me manquer - Pilule bleue
14%
62 638 629 Arhbo (feat. Ozuna, RedOne & FIFA Sound)
9%
51 924 204 Bella ciao (feat. Naestro, GIMS, Dadju, Vitaa & Slimane)
9%
72 995 922 Caméléon
9%
60 351 315 CARRÉ OK (feat. Soolking)
9%
71 445 607 Corazon (feat. Lil Wayne & French Montana)
9%
78 915 532 Je te pardonne (feat. Sia) - Pilule bleue
9%
53 360 702 Malheur, malheur
9%
76 503 856 Mi Gna - Maître Gims Remix (feat. Super Sako & Hayko)
9%
54 988 631 OHMA TOKITA
9%
76 909 787 ON OFF (feat. Shirin David)
9%
86 308 306 Où aller
9%
72 081 985 Piano (feat. Werenoi)
9%
Aucun quiz correspondant
Distribution des résultats
% des personnes avec chaque résultat
Percentile par nombre de réponses
Votre historique - résultats
Vous n’avez pas pris ce quiz